| 000 | 00372 a2200145 4500 | ||
|---|---|---|---|
| 999 |
_c12774 _d12774 |
||
| 003 | OSt | ||
| 005 | 20240710180845.0 | ||
| 008 | 240710b ||||| |||| 00| 0 eng d | ||
| 020 | _a 9783966800143 | ||
| 082 | _a624.151 | ||
| 100 | _a Manuel Aires Mateus | ||
| 245 | _aAIRES MATEUS Architectural Terrains: Five Investigations | ||
| 260 |
_bArchiTangle _c2022 |
||
| 942 | _2ddc | ||